[Event "World Senior 50+ 2014"]
[Site "Katerini GRE"]
[Date "2014.11.02"]
[Round "9.1"]
[White "Sturua, Zurab"]
[Black "Barle, Janez"]
[Result "1/2-1/2"]
[WhiteTitle "GM"]
[BlackTitle "IM"]
[WhiteElo "2523"]
[BlackElo "2338"]
[WhiteFideId "13600095"]
[BlackFideId "14600021"]
[EventDate "2014.10.24"]

1. d4 e6 2. e4 c5 3. d5 exd5 4. exd5 d6 5. Nc3 Nf6 6. h3 Be7 7. Nf3 O-O 8. Be2
Na6 9. O-O Nc7 10. a4 b6 11. Rb1 Bb7 1/2-1/2

[Event "World Senior 50+ 2014"]
[Site "Katerini GRE"]
[Date "2014.11.02"]
[Round "9.2"]
[White "Bischoff, Klaus"]
[Black "Sveshnikov, Evgeny"]
[Result "1/2-1/2"]
[WhiteTitle "GM"]
[BlackTitle "GM"]
[WhiteElo "2504"]
[BlackElo "2517"]
[WhiteFideId "4600045"]
[BlackFideId "4100638"]
[EventDate "2014.10.24"]

1. c4 e6 2. Nf3 d5 3. b3 Nf6 4. Bb2 Be7 5. cxd5 exd5 6. e3 O-O 7. Be2 Bf5 8. O-O
Nbd7 9. d3 h6 10. Nbd2 Re8 11. Re1 Bd6 12. h3 c6 13. Bf1 Bh7 1/2-1/2

[Event "World Senior 50+ 2014"]
[Site "Katerini GRE"]
[Date "2014.11.02"]
[Round "9.3"]
[White "Yasin, Hur"]
[Black "Arkell, Keith C"]
[Result "0-1"]
[BlackTitle "GM"]
[WhiteElo "2138"]
[BlackElo "2450"]
[WhiteFideId "6300170"]
[BlackFideId "400270"]
[EventDate "2014.10.24"]

1. e4 c6 2. d4 d5 3. e5 c5 4. dxc5 Nc6 5. a3 Nxe5 6. Bb5+ Nc6 7. b4 Nf6 8. Bb2
e6 9. Nf3 Be7 10. O-O O-O 11. Nbd2 a5 12. c3 Qc7 13. Re1 b6 14. cxb6 Qxb6 15.
Qe2 Bd7 16. Rab1 axb4 17. cxb4 Ne5 18. Nxe5 Bxb5 19. Qf3 Rfc8 20. Rbc1 Ba4 21.
g4 Be8 22. h4 Nd7 23. g5 Nxe5 24. Bxe5 Qa6 25. Bb2 Ba4 26. Rc3 Rxc3 27. Qxc3 f6
28. Qc7 Bd6 29. Qc1 Rc8 30. Qa1 e5 31. gxf6 gxf6 32. Re3 Kf7 33. Qa2 Rg8+ 34.
Kh2 Bc6 35. Qb3 Qa4 36. Qxa4 Bxa4 37. Kh1 d4 38. Re1 Rc8 39. f3 Rc2 40. Bc1 f5
41. Kg1 Be7 42. Nf1 Bxh4 43. Rxe5 Rxc1 44. Rxf5+ Ke6 45. Ra5 d3 46. Kg2 Rxf1 0-1

[Event "World Senior 50+ 2014"]
[Site "Katerini GRE"]
[Date "2014.11.02"]
[Round "9.4"]
[White "Nunn, John D M"]
[Black "Kalegin, Evgenij"]
[Result "1-0"]
[WhiteTitle "GM"]
[BlackTitle "IM"]
[WhiteElo "2602"]
[BlackElo "2474"]
[WhiteFideId "400017"]
[BlackFideId "4103416"]
[EventDate "2014.10.24"]

1. e4 c5 2. Nf3 e6 3. d4 cxd4 4. Nxd4 a6 5. Bd3 Bc5 6. Nb3 Be7 7. Qg4 g6 8. Qe2
d6 9. O-O Nc6 10. Na3 Ne5 11. Nc4 Nxc4 12. Bxc4 Qc7 13. Bd3 e5 14. f4 Nf6 15.
Qf3 Bg4 16. Qf2 Be6 17. h3 h5 18. Be3 Nd7 19. Rad1 Rc8 20. Kh1 Qd8 21. c4 Bxc4
22. Bxc4 Rxc4 23. fxe5 Nxe5 24. Bd4 Rxd4 25. Qxd4 O-O 26. Nd2 b5 27. Nf3 Qb8 28.
b3 Rd8 29. Qd5 Bf6 30. Nxe5 dxe5 31. Qc6 Rxd1 32. Rxd1 Be7 33. Qxa6 b4 34. Rc1
Kg7 35. Rc8 Qd6 36. Qxd6 Bxd6 37. Rc6 Be7 38. Kg1 f5 39. exf5 gxf5 40. Kf2 h4
41. g3 hxg3+ 42. Kxg3 Bg5 43. h4 Bd2 44. h5 e4 45. Rd6 Be3 46. Rc6 Bd2 47. Rg6+
Kf7 48. Rd6 Be3 49. h6 f4+ 50. Kg4 f3 51. h7 Kg7 52. Rd7+ Kh8 53. Kh5 f2 54. Kg6
Bb6 55. Rg7 1-0

[Event "World Senior 50+ 2014"]
[Site "Katerini GRE"]
[Date "2014.11.02"]
[Round "9.5"]
[White "Hebden, Mark L"]
[Black "Bouaziz, Slim"]
[Result "1-0"]
[WhiteTitle "GM"]
[BlackTitle "GM"]
[WhiteElo "2540"]
[BlackElo "2321"]
[WhiteFideId "400084"]
[BlackFideId "5500010"]
[EventDate "2014.10.24"]

1. d4 Nf6 2. Bg5 Ne4 3. Bf4 d5 4. e3 Nd7 5. Bd3 Nd6 6. Nf3 e6 7. Nbd2 f5 8. g4
fxg4 9. Ne5 Nxe5 10. Bxe5 Nf7 11. Qxg4 Nxe5 12. dxe5 Qe7 13. Bxh7 Kd8 14. Bd3
Bd7 15. O-O-O Rh4 16. Qe2 Ra4 17. Kb1 a6 18. Rhg1 c5 19. c4 b5 20. cxd5 exd5 21.
Qf3 Be6 22. Bc2 Rh4 23. Ne4 Kc7 24. Nc3 Qf7 25. Qg3 Rg4 26. Qxg4 Bxg4 27. Nxd5+ 1-0

[Event "World Senior 50+ 2014"]
[Site "Katerini GRE"]
[Date "2014.11.02"]
[Round "9.6"]
[White "Furman, Boris"]
[Black "Kristiansen, Jens"]
[Result "1/2-1/2"]
[WhiteTitle "FM"]
[BlackTitle "GM"]
[WhiteElo "2152"]
[BlackElo "2405"]
[WhiteFideId "4107187"]
[BlackFideId "1400061"]
[EventDate "2014.10.24"]

1. d4 f5 2. c4 Nf6 3. Nc3 e6 4. e3 Bb4 5. Bd2 O-O 6. Bd3 d6 7. Qc2 Nc6 8. Nge2
e5 9. dxe5 Nxe5 10. Bxf5 Bxf5 11. Qxf5 Nfg4 12. Qe6+ Kh8 13. Nf4 c6 14. c5 d5
15. Qd6 Qe8 16. Qe6 Nd3+ 17. Kd1 Nxf4 18. Qxg4 h5 19. Qg5 Nd3 20. Ke2 Rxf2+ 21.
Kxd3 Qf7 22. Ne2 Bxc5 23. Nf4 Kg8 24. Rhf1 Be7 25. Qe5 Rxf1 26. Rxf1 g5 27. Bc3
Qh7+ 28. Kd2 Rf8 29. Qe6+ Qf7 30. Qh6 Qh7 31. Qe6+ Qf7 32. Qh6 Qh7 1/2-1/2

[Event "World Senior 50+ 2014"]
[Site "Katerini GRE"]
[Date "2014.11.02"]
[Round "9.7"]
[White "Movsziszian, Karen"]
[Black "Shevelev, Arkady"]
[Result "1-0"]
[WhiteTitle "GM"]
[BlackTitle "IM"]
[WhiteElo "2487"]
[BlackElo "2295"]
[WhiteFideId "13301152"]
[BlackFideId "2802163"]
[EventDate "2014.10.24"]

1. g3 d5 2. Bg2 e5 3. d3 c6 4. Nf3 Qc7 5. O-O Nf6 6. c4 dxc4 7. dxc4 Bg4 8. Nc3
Nbd7 9. Qc2 Be7 10. h3 Bh5 11. Nh4 O-O 12. Nf5 Bc5 13. Na4 Rfe8 14. Nxc5 Nxc5
15. Bg5 Nfd7 16. g4 Bg6 17. Bh4 Ne6 18. e3 f6 19. Bg3 a5 20. b3 Ndc5 21. a3 Qb6
22. Rab1 Na6 23. Rfd1 Rad8 24. Rxd8 Qxd8 25. b4 axb4 26. axb4 Qc8 27. h4 Nf8 28.
Be4 Qc7 29. h5 Bxf5 30. Bxf5 Qe7 31. c5 Nc7 32. Rd1 Nb5 33. Kg2 Kh8 34. Qc4 g6
35. Be4 Kg7 36. h6+ Kxh6 37. Qg8 Kg5 38. Rh1 1-0

[Event "World Senior 50+ 2014"]
[Site "Katerini GRE"]
[Date "2014.11.02"]
[Round "9.9"]
[White "Stepovoj, Vladimir"]
[Black "Alexakis, Dimitrios"]
[Result "1-0"]
[WhiteTitle "IM"]
[WhiteElo "2323"]
[BlackElo "2224"]
[WhiteFideId "4120159"]
[BlackFideId "4200527"]
[EventDate "2014.10.24"]

1. e4 c5 2. c3 e6 3. d4 cxd4 4. cxd4 d5 5. e5 Nc6 6. Nf3 Qb6 7. a3 Bd7 8. Nc3 f6
9. Bd3 a6 10. O-O fxe5 11. Nxe5 Nxe5 12. dxe5 g6 13. Be3 Bc5 14. Na4 Bxa4 15.
Qxa4+ Kf7 16. Bxc5 Qxc5 17. Rac1 Qb6 18. Rc3 Ne7 19. Qf4+ Ke8 20. Bc2 Rf8 21.
Ba4+ Nc6 22. Qh4 Rf7 23. b4 Kf8 24. Bxc6 bxc6 25. Rfc1 Rc8 26. Rc5 Kg7 27. R1c2
Qc7 28. Qd4 Qd7 29. g3 Rf5 30. Qd3 Qb7 31. Qc3 Qb8 32. Re2 Qb6 33. Kg2 Qb7 34.
h4 h5 35. Rc2 Rcf8 36. f4 g5 37. hxg5 h4 38. Rxc6 d4 39. Qf3 h3+ 40. Kh2 R5f7
41. Qh5 1-0

[Event "World Senior 50+ 2014"]
[Site "Katerini GRE"]
[Date "2014.11.02"]
[Round "9.10"]
[White "Chapman, Terry P D"]
[Black "Nikolaidis, Konstantinos"]
[Result "0-1"]
[WhiteTitle "FM"]
[BlackTitle "FM"]
[WhiteElo "2304"]
[BlackElo "2178"]
[WhiteFideId "413399"]
[BlackFideId "4200578"]
[EventDate "2014.10.24"]

1. Nf3 Nf6 2. c4 g6 3. g3 Bg7 4. d4 O-O 5. Bg2 d6 6. O-O Nc6 7. Nc3 a6 8. Re1
Re8 9. h3 Bd7 10. e4 e5 11. d5 Nd4 12. Be3 Qc8 13. Kh2 Nxf3+ 14. Qxf3 Ng4+ 15.
Kg1 Nxe3 16. Qxe3 Bxh3 17. c5 dxc5 18. Qxc5 Bf8 19. Qe3 Bd7 20. Rac1 Qd8 21.
Red1 Bd6 22. Bf3 Kg7 23. Kg2 h5 24. Rh1 Rh8 25. Rh2 Qe7 26. Rch1 Bc5 27. Qd2 Qf6
28. Bd1 Rad8 29. Rf1 Rh7 30. Rfh1 Rdh8 31. f4 h4 32. gxh4 exf4 33. Qe1 Bd4 34.
Kf1 g5 35. Rg2 f3 36. Rg3 g4 37. Bxf3 Kf8 0-1

[Event "World Senior 50+ 2014"]
[Site "Katerini GRE"]
[Date "2014.11.02"]
[Round "9.11"]
[White "Sand, Rolf"]
[Black "Heinig, Wolfram"]
[Result "0-1"]
[BlackTitle "FM"]
[WhiteElo "1969"]
[BlackElo "2296"]
[WhiteFideId "4610334"]
[BlackFideId "4611926"]
[EventDate "2014.10.24"]

1. c4 c5 2. g3 Nc6 3. Bg2 g6 4. Nc3 Bg7 5. Nf3 e6 6. e3 Nge7 7. d4 cxd4 8. Nxd4
O-O 9. O-O d5 10. cxd5 Nxd4 11. exd4 Nxd5 12. Nxd5 exd5 13. Be3 Be6 14. Qd2 Qb6
15. Rac1 Rfc8 16. Rfd1 Qa6 17. a3 Qa4 18. h4 h5 19. Kh2 b6 20. Kg1 Qd7 21. Bh6
Bh8 22. Bf4 Rxc1 23. Rxc1 Rc8 24. Rc3 Rxc3 25. Qxc3 Qa4 26. Be3 Bf6 27. Bf3 Kg7
28. Kg2 Qb5 29. b3 Qd7 30. a4 Bg4 31. Bxg4 Qxg4 32. Qd3 Bxh4 33. Kh2 Bf6 34. Qb5
h4 35. gxh4 Qxh4+ 36. Kg2 Qe4+ 0-1

[Event "World Senior 50+ 2014"]
[Site "Katerini GRE"]
[Date "2014.11.02"]
[Round "9.12"]
[White "Habibi, Ali"]
[Black "Hafez, Bakr"]
[Result "1-0"]
[WhiteTitle "IM"]
[BlackTitle "IM"]
[WhiteElo "2247"]
[BlackElo "2013"]
[WhiteFideId "4604393"]
[BlackFideId "8103607"]
[EventDate "2014.10.24"]

1. g3 d5 2. Bg2 Nf6 3. d3 Bf5 4. Nf3 h6 5. Nbd2 e6 6. O-O Be7 7. Qe1 O-O 8. e4
dxe4 9. dxe4 Bh7 10. Qe2 c6 11. Rd1 Qc7 12. Ne1 e5 13. Nd3 Nbd7 14. f3 Rfd8 15.
Nb3 c5 16. c4 b5 17. Nd2 a6 18. Nf2 Rab8 19. b3 Nf8 20. Bh3 Qc6 21. Bb2 N6d7 22.
Nd3 f6 23. f4 Qc7 24. f5 Kh8 25. Bf1 Bg8 26. Rac1 Rb6 27. Nf2 Nb8 28. Ng4 Nc6
29. Ne3 Nd4 30. Qg2 Rbb8 31. Bc3 b4 32. Bb2 Bf7 33. Nd5 Qa7 34. g4 Nh7 35. Kh1
Rg8 36. Bd3 Rbe8 37. Qh3 a5 38. Ra1 Ng5 39. Qe3 Nh7 40. Rg1 Qb7 41. h4 Ra8 42.
Nf3 Rgd8 43. Kh2 a4 44. Nd2 Rd6 45. Rg2 Rda6 46. Rb1 R8a7 47. Rbg1 axb3 48. axb3
Ra2 49. Bc1 Bd8 50. Bb1 R2a6 51. Bb2 Qd7 52. Nf3 Qd6 53. Kh1 Ra5 54. Rh2 Kg8 55.
Rd1 Bxd5 56. exd5 Re7 57. Nd2 Bc7 58. Ne4 Qd8 59. Rf1 Rf7 60. Qh3 Qd7 61. Rhf2
Bd6 62. Qg3 Be7 63. Bxd4 cxd4 64. g5 hxg5 65. hxg5 Nxg5 66. Nxg5 fxg5 67. Qxe5
Bf6 68. Qe6 Qa7 69. Be4 Qa6 70. c5 Kf8 71. Qxa6 Rxa6 72. d6 Be5 73. Bd5 Rf6 74.
Re2 Bxd6 75. cxd6 Raxd6 76. Bc4 g6 77. Ref2 Kg7 78. Bd3 gxf5 79. Rxf5 Rxf5 80.
Rxf5 Kh6 81. Kg2 Kh5 82. Rb5 Kg4 83. Kf2 Rf6+ 84. Ke2 Kf4 85. Rxb4 Rd6 86. Rb5
g4 87. Rf5+ Kg3 88. b4 Re6+ 89. Kd2 Rd6 90. b5 Kh4 91. Be2 Kh3 92. Rh5+ Kg3 93.
Rg5 d3 94. Rxg4+ Kh3 95. Bd1 Rb6 96. Rb4 Kg3 97. Bb3 Kf3 98. Bd5+ Kf2 99. Kxd3
Ke1 100. Kd4 Kd2 101. Kc5 Rb8 102. b6 Kc3 103. b7 1-0

[Event "World Senior 50+ 2014"]
[Site "Katerini GRE"]
[Date "2014.11.02"]
[Round "9.13"]
[White "Vardakas, Stefanos"]
[Black "Frick, Christoph"]
[Result "0-1"]
[WhiteElo "1954"]
[BlackElo "2241"]
[WhiteFideId "4205294"]
[BlackFideId "4607090"]
[EventDate "2014.10.24"]

1. e4 c6 2. d4 d5 3. f3 dxe4 4. fxe4 e5 5. Nf3 Bg4 6. Bc4 Nd7 7. c3 Bh5 8. O-O
Ngf6 9. Qe1 Bd6 10. Nbd2 Qe7 11. Nh4 O-O-O 12. Nf5 Qf8 13. Nxd6+ Qxd6 14. Nb3
Rhe8 15. Bd3 Bg6 16. Bg5 exd4 17. cxd4 Bxe4 18. Bf4 Qd5 19. Bxe4 Rxe4 20. Qb4
Re2 21. Rf3 Nb6 22. Rc1 Qe4 23. Qa5 Nfd5 24. Be5 Ne3 25. Qxa7 Rxg2+ 26. Kh1 Qxf3
27. Qb8+ Kd7 28. Qxb7+ Ke8 29. Qxc6+ Qxc6 30. Rxc6 Rxb2 0-1

[Event "World Senior 50+ 2014"]
[Site "Katerini GRE"]
[Date "2014.11.02"]
[Round "9.14"]
[White "Findlay, David John"]
[Black "Giulian, Philip M"]
[Result "1/2-1/2"]
[BlackTitle "FM"]
[WhiteElo "2162"]
[BlackElo "2177"]
[WhiteFideId "2400278"]
[BlackFideId "2400197"]
[EventDate "2014.10.24"]

1. e4 e6 2. d4 d5 3. e5 c5 4. Nf3 Nc6 5. Bd3 cxd4 6. O-O Nge7 7. Re1 Ng6 8. a3
Bd7 9. Nbd2 Qc7 10. Qe2 Nf4 11. Qf1 Ng6 12. Qe2 Nf4 13. Qf1 Ng6 14. Qe2 1/2-1/2

[Event "World Senior 50+ 2014"]
[Site "Katerini GRE"]
[Date "2014.11.02"]
[Round "9.15"]
[White "Gamback, Bjorn"]
[Black "Sideris, Nikiforos"]
[Result "1-0"]
[WhiteElo "2109"]
[BlackElo "2017"]
[WhiteFideId "1703161"]
[BlackFideId "4204271"]
[EventDate "2014.10.24"]

1. d4 Nf6 2. c4 c5 3. d5 e6 4. Nc3 exd5 5. cxd5 d6 6. Nf3 g6 7. Bf4 Bg7 8. Qa4+
Kf8 9. e4 Nh5 10. Be3 Nd7 11. Be2 a6 12. Nd2 Nhf6 13. Qc2 b5 14. Rd1 h6 15. a4
b4 16. Ncb1 Ne8 17. b3 a5 18. O-O Ne5 19. f4 Bg4 20. Nf3 Nxf3+ 21. Bxf3 Bxf3 22.
Rxf3 Kg8 23. Kh1 Nf6 24. Bg1 Qe7 25. e5 dxe5 26. fxe5 Nd7 27. e6 fxe6 28. dxe6
Qxe6 29. Re3 Qf7 30. Rf3 Qe6 31. Re3 Qf7 32. Qe4 Rf8 33. Qc6 Bd4 34. Rf3 Qg7 35.
Bxd4 cxd4 36. Rxf8+ Nxf8 37. Qc4+ Kh7 38. Rf1 1-0

[Event "World Senior 50+ 2014"]
[Site "Katerini GRE"]
[Date "2014.11.02"]
[Round "9.16"]
[White "Limono, Handjojo"]
[Black "Malinin, Vasily B."]
[Result "0-1"]
[BlackTitle "GM"]
[WhiteElo "1801"]
[BlackElo "2280"]
[WhiteFideId "7102909"]
[BlackFideId "4140249"]
[EventDate "2014.10.24"]

1. c4 Nc6 2. Nc3 e5 3. g3 f5 4. Bg2 Nf6 5. d3 Bc5 6. e3 a6 7. Nge2 Ba7 8. O-O d6
9. Rb1 O-O 10. b4 Ne7 11. a4 Kh8 12. d4 Qe8 13. c5 Qh5 14. Bb2 f4 15. exf4 exd4
16. Nxd4 Bg4 17. Bf3 dxc5 18. Bxg4 Nxg4 19. Nf3 Nf5 20. Ne4 cxb4 21. Qb3 a5 22.
Kg2 Rae8 23. Rbe1 Nfe3+ 24. fxe3 Rxe4 25. Bc1 Rfe8 26. h3 Nxe3+ 27. Bxe3 Rxe3
28. Rxe3 Rxe3 29. Qd1 h6 30. g4 Qg6 31. Ne5 Qe4+ 32. Rf3 Bd4 33. Ng6+ Kh7 34. f5
Qxf3+ 35. Qxf3 Rxf3 0-1

[Event "World Senior 50+ 2014"]
[Site "Katerini GRE"]
[Date "2014.11.02"]
[Round "9.17"]
[White "Ismail, Ahmad"]
[Black "Lim, Kian Hwa"]
[Result "0-1"]
[WhiteElo "2075"]
[BlackElo "1787"]
[WhiteFideId "5700655"]
[BlackFideId "5700744"]
[EventDate "2014.10.24"]

1. d4 d5 2. Nc3 Nf6 3. Bg5 Nbd7 4. Qd3 g6 5. f3 Bg7 6. e4 dxe4 7. fxe4 h6 8. Bh4
g5 9. Bg3 Nh5 10. Nge2 c6 11. O-O-O Qa5 12. Be1 b5 13. Qf3 b4 14. Nb1 g4 15. Qb3
Rb8 16. Nd2 Nb6 17. Nc4 Nxc4 18. Qxc4 O-O 19. a3 Be6 20. Qd3 c5 21. c4 Rfd8 22.
d5 Bd7 23. Bd2 Qa4 24. Nc3 bxc3 25. Bxc3 Rb3 26. e5 Bxe5 27. Bxe5 Rxd3 28. Bxd3
f6 29. Bc7 Rc8 30. d6 Ng7 31. Kb1 exd6 32. Bxd6 Bf5 33. Rhe1 Qxc4 34. Bxf5 Nxf5
35. Bg3 Nxg3 36. hxg3 Qb3 37. Rd7 Rb8 38. Re2 c4 39. Rc2 Qxa3 40. Rd8+ Rxd8 41.
bxa3 Rd3 42. a4 Rxg3 43. Kc1 h5 44. Kd1 Kf7 45. Ke1 c3 46. Kf2 Rd3 47. Ke1 Kg6
48. Re2 Rd4 49. Rc2 Rxa4 50. Rxc3 Ra2 51. g3 a5 52. Kf1 a4 53. Rc5 Ra3 54. Kg2
Rb3 55. Ra5 a3 56. Kf2 f5 57. Ra6+ Kg5 58. Ra8 Rf3+ 59. Kg2 Kf6 60. Re8 f4 61.
gxf4 Rxf4 62. Rf8+ Kg5 63. Rg8+ Kh4 64. Ra8 Rf3 65. Ra5 Rb3 66. Kf2 Rb2+ 67. Ke3
a2 68. Ra3 Rb3+ 0-1

[Event "World Senior 50+ 2014"]
[Site "Katerini GRE"]
[Date "2014.11.02"]
[Round "9.18"]
[White "Auvinen, Esa"]
[Black "Bluvshtein, Ilia"]
[Result "0-1"]
[WhiteElo "1972"]
[BlackElo "2088"]
[WhiteFideId "501069"]
[BlackFideId "2605317"]
[EventDate "2014.10.24"]

1. e4 e5 2. Nf3 Nc6 3. Bb5 f5 4. Nc3 fxe4 5. Nxe4 Nf6 6. Nxf6+ Qxf6 7. O-O Nd4
8. Nxd4 exd4 9. Re1+ Be7 10. Qe2 c6 11. Bd3 Kf7 12. b3 d5 13. Bb2 Bd6 14. a4 Bd7
15. Qd1 h5 16. Qf3 Qxf3 17. gxf3 c5 18. Bf1 Rh6 19. Bg2 Rg6 20. Kh1 Be6 21. d3
h4 22. h3 Bd7 23. Re2 Re8 24. Rae1 Rxe2 25. Rxe2 Bf4 26. Re1 Re6 27. Rxe6 Kxe6
28. Kg1 Ke5 29. Kf1 g5 30. Ke2 b6 31. Ba3 Bf5 32. Bf1 Bg6 33. Bg2 c4 34. Bf1 Be8
35. Kd1 a6 36. Bb2 cxb3 37. cxb3 b5 38. axb5 Bxb5 39. Ke2 Bd7 40. Kd1 Bh2 41.
Ke2 Be8 42. Bc1 Kf5 43. Bb2 Be5 44. Ba3 Bh5 45. Bb2 Ke6 46. Bc1 Bf6 47. Bg2 Kd6
48. Ba3+ Kc6 49. Kd2 Bg6 50. Bf1 Bf5 51. Bg2 Kb5 52. Bf1 a5 53. Bd6 Kc6 54. Ba3
Be5 55. Ke2 Bd6 56. Bc1 Be7 57. Kd1 Kb5 58. Bd2 a4 59. bxa4+ Kxa4 60. Kc2 Ka3
61. Bc1+ Ka2 62. Bd2 Bd7 63. Bc1 Ba4+ 64. Kd2 Kb1 65. Bg2 Bd6 66. f4 Bxf4+ 67.
Ke2 Kxc1 68. Bxd5 Bd1+ 69. Ke1 Bh5 70. f3 Kc2 71. Be4 Be8 72. Bf5 Bb5 73. Ke2
Kc3 74. Kd1 Kb3 75. Bg6 0-1

[Event "World Senior 50+ 2014"]
[Site "Katerini GRE"]
[Date "2014.11.02"]
[Round "9.19"]
[White "Patola, Eero"]
[Black "Madeira, Wagner Martins"]
[Result "1/2-1/2"]
[BlackTitle "FM"]
[WhiteElo "1857"]
[BlackElo "2207"]
[WhiteFideId "504092"]
[BlackFideId "2100797"]
[EventDate "2014.10.24"]

1. c4 Nf6 2. Nc3 d5 3. cxd5 Nxd5 4. g3 c5 5. Bg2 Nc7 6. Nf3 Nc6 7. O-O e5 8. b3
Be7 9. Bb2 O-O 10. Rc1 f6 11. Na4 b6 12. Qc2 Bd7 13. a3 Rc8 14. h3 Ne6 15. e3 b5
16. Nc3 Na5 17. Ne2 c4 18. b4 Nb3 19. Rcd1 a5 20. bxa5 Qxa5 21. Nc1 Nxc1 22.
Qxc1 Nc5 23. Bc3 Qa4 24. Ne1 Nb3 25. Qb1 Bxa3 26. f4 b4 27. Bb2 Bxb2 28. Qxb2
Be6 29. fxe5 c3 30. dxc3 bxc3 31. Qc2 Nc5 32. Qxa4 Nxa4 33. exf6 gxf6 34. Nc2
Nb2 35. Rd6 Kf7 36. g4 Ke7 37. Rb6 Rfd8 38. Be4 h6 39. Ra1 Rc7 40. Nd4 Bd7 41.
Raa6 Nc4 42. Rxf6 Nxe3 43. Nc2 Nxc2 44. Bxc2 Bc8 45. Rac6 Rd2 46. Rxc7+ Kxf6 47.
Rxc3 Bb7 48. Bf5 Kg5 49. Rb3 Bd5 50. Rd3 Rxd3 51. Bxd3 h5 52. Bf5 hxg4 53. hxg4
Bf3 1/2-1/2

[Event "World Senior 50+ 2014"]
[Site "Katerini GRE"]
[Date "2014.11.02"]
[Round "9.20"]
[White "Pashkov, Vladimir M."]
[Black "Osmolny, Vladimir I."]
[Result "0-1"]
[BlackTitle "FM"]
[WhiteElo "1818"]
[BlackElo "2154"]
[WhiteFideId "24194778"]
[BlackFideId "24137049"]
[EventDate "2014.10.24"]

1. d4 Nf6 2. c4 e6 3. Nc3 Bb4 4. a3 Bxc3+ 5. bxc3 c5 6. Qc2 Nc6 7. Nf3 Qa5 8.
Bd2 d6 9. e3 Qc7 10. Bd3 e5 11. h3 b6 12. O-O Ba6 13. Qa4 Bb7 14. d5 e4 15. Be2
O-O 16. dxc6 Bxc6 17. Qc2 exf3 18. Bxf3 Bxf3 19. gxf3 Nd7 20. Qf5 Ne5 21. Kh1
Nxc4 22. Rg1 g6 23. Qd5 Qd7 24. Rg3 Qe6 25. Qd3 d5 26. Rag1 Rad8 27. Bc1 Rd6 28.
h4 h5 29. Qf1 Re8 30. Rg5 Kf8 31. e4 dxe4 32. f4 Rd1 33. Qg2 Rxg1+ 34. Kxg1 e3
35. Bxe3 Qe4 36. Qg3 Nxe3 37. fxe3 Qxe3+ 38. Qf2 Qxf2+ 39. Kxf2 Re4 40. f5 Rf4+
41. Kg3 Rc4 42. fxg6 Rxc3+ 43. Kf4 Rc4+ 44. Kg3 fxg6 45. Rxg6 Rg4+ 46. Rxg4 hxg4
47. Kxg4 b5 48. Kf5 b4 49. axb4 cxb4 50. Ke4 a5 0-1

[Event "World Senior 50+ 2014"]
[Site "Katerini GRE"]
[Date "2014.11.02"]
[Round "9.21"]
[White "Bobke, Laurenz"]
[Black "Zybura, Andre"]
[Result "0-1"]
[WhiteElo "1715"]
[BlackElo "1975"]
[WhiteFideId "1270575"]
[BlackFideId "2606208"]
[EventDate "2014.10.24"]

1. d4 Nf6 2. Nf3 e6 3. Bf4 c5 4. c3 Qb6 5. Qc1 cxd4 6. cxd4 Nc6 7. e3 Be7 8. Be2
d6 9. h3 Bd7 10. Nbd2 Rc8 11. Qb1 d5 12. a3 O-O 13. O-O a6 14. b4 Na7 15. Qb2
Bb5 16. Rfe1 Bxe2 17. Rxe2 a5 18. Rb1 axb4 19. axb4 Nb5 20. Ree1 Nc3 21. Rbc1
Qxb4 22. Qa1 Qa3 23. Kf1 b5 24. Ne5 b4 25. Nd3 Nfe4 26. Nxe4 Nxe4 27. Qxa3 bxa3
28. Ra1 Rc2 29. f3 Nd2+ 30. Kg1 Nb3 31. Rab1 Nd2 32. Rb7 Re8 33. Ra1 Nc4 34. Ne5
Nxe5 35. Bxe5 f6 36. Bg3 Kf8 37. Rb6 Rec8 38. Bd6 Bxd6 39. Rxd6 Rc1+ 40. Rxc1
Rxc1+ 41. Kh2 a2 0-1

[Event "World Senior 50+ 2014"]
[Site "Katerini GRE"]
[Date "2014.11.02"]
[Round "9.22"]
[White "Wilson, F Leon"]
[Black "Caribe Santos, Luiz Carlos"]
[Result "0-1"]
[WhiteElo "1572"]
[BlackElo "1590"]
[WhiteFideId "2048302"]
[BlackFideId "2171708"]
[EventDate "2014.10.24"]

1. d4 d5 2. c4 e6 3. Nc3 Nf6 4. Bg5 Be7 5. Nf3 h6 6. Bh4 Nbd7 7. e3 O-O 8. cxd5
Nxd5 9. Bxe7 Qxe7 10. Bd3 c6 11. Rc1 e5 12. Be4 exd4 13. Qxd4 N5f6 14. Bc2 Nb6
15. O-O Rd8 16. Qh4 Nbd5 17. Bb3 Be6 18. e4 Nb6 19. e5 Bxb3 20. exf6 Qxf6 21.
Qxf6 gxf6 22. axb3 Rd3 23. Rcd1 Rad8 24. Rxd3 Rxd3 25. Rd1 Rxd1+ 26. Nxd1 Kg7
27. Nc3 Kg6 28. h4 Kf5 29. Nd4+ Ke5 30. Nce2 Nd5 31. g3 Nb4 32. Nf3+ Ke4 33. Ne1
Nd3 34. Nxd3 Kxd3 35. Nf4+ Kc2 36. Nh5 Kxb2 37. Nxf6 Kxb3 38. h5 a5 39. Ng4 a4
40. Nxh6 a3 41. Nxf7 a2 42. h6 a1=Q+ 43. Kg2 Qb1 44. g4 Qh7 45. Nd8 Qd7 46. Nxb7
Qxb7 47. Kg3 Qh7 48. g5 c5 49. Kg4 c4 50. Kh5 Qf7+ 51. g6 Qf5+ 52. Kh4 Qxg6 53.
f4 Qxh6+ 54. Kg4 c3 55. f5 c2 56. f6 Qxf6 57. Kh5 Qg7 58. Kh4 c1=Q 59. Kh3 Qh1# 0-1

[Event "World Senior 50+ 2014"]
[Site "Katerini GRE"]
[Date "2014.11.02"]
[Round "9.23"]
[White "Ferreira, Alexander"]
[Black "Karatas, Kursat"]
[Result "0-1"]
[WhiteElo "1657"]
[BlackElo "1741"]
[WhiteFideId "2102935"]
[BlackFideId "6336841"]
[EventDate "2014.10.24"]

1. e4 e5 2. Nf3 Nc6 3. Bc4 Nf6 4. Ng5 d5 5. exd5 Na5 6. Qe2 Nxc4 7. Qxc4 Qxd5 8.
Qxd5 Nxd5 9. d3 h6 10. Nf3 Bd6 11. h3 O-O 12. Bd2 Be6 13. a3 Rfe8 14. Nc3 Nxc3
15. Bxc3 Bd5 16. O-O-O Re7 17. Kb1 c5 18. Rhe1 Rae8 19. Re3 b5 20. b4 cxb4 21.
Bxb4 Bxb4 22. axb4 Kf8 23. Ne1 Rc7 24. Kb2 f6 25. f3 a6 26. Ra1 Bb7 27. Re2 Rec8
28. Ra3 Ra8 29. c3 Rd8 30. Rd2 Rcd7 31. Kc2 Kf7 32. Kd1 Rd6 33. Ke2 f5 34. g3
Bd5 35. Ra1 Bc4 36. Rad1 Bb3 37. Nc2 g5 38. Ra1 Rc8 39. Ne3 f4 40. Nf5 Rf6 41.
g4 Rxc3 42. Rh1 Be6 43. Nd6+ Ke7 44. Ne4 Rb3 45. Nxf6 Kxf6 46. Ra2 Rxb4 47. Rc2
a5 48. h4 a4 49. hxg5+ hxg5 50. Rh6+ Ke7 51. Rh7+ Kd6 52. Ra7 Rb3 53. Ra6+ Kd7
54. Rcc6 Rb2+ 55. Ke1 a3 56. Rxe6 a2 57. Rxa2 Rxa2 58. Rxe5 b4 59. Kd1 b3 60.
Kc1 Rf2 61. Rxg5 Rxf3 62. Rf5 Rf2 63. g5 Ke6 64. Rb5 b2+ 65. Kb1 Rg2 66. d4 f3
67. Re5+ Kd6 68. Rf5 f2 69. Rf6+ Ke7 70. Ka2 b1=Q+ 71. Kxb1 Rg1+ 0-1